| 000 | 01712nam2a2200289 4500 | ||
|---|---|---|---|
| 001 | RU\NLR\BIBL_A\011526924 | ||
| 005 | 20260405115334.0 | ||
| 010 | _a978-5-7527-0463-5 | ||
| 010 |
_a978-5-7527-0457-4 _bкурсовой _9100 |
||
| 021 |
_aRU _b2017-79907 _95702 |
||
| 035 | _a(RuMoRGB)009427182 | ||
| 035 | _a(NLR Aleph) 011526924 | ||
| 090 |
_a12125251 _c12125251 |
||
| 100 | _a20171115d2017 |||y0rusy50 ca | ||
| 101 | 1 |
_arus _ceng |
|
| 102 | _aRU | ||
| 105 | _aa|||j|||000zy | ||
| 200 | 0 |
_aКн. 3 _f[Де Чернатони Лесли, Харрис Фиона] |
|
| 210 |
_d2017 _aБ. м. |
||
| 215 |
_a81 с. _cил. |
||
| 320 | _aБиблиогр.: с. 78-81 (62 назв.) | ||
| 461 | 0 |
_1001RU\NLR\BIBL_A\011526921 _12001#$aСтратегии маркетинга в сложном окружении$e[учебное пособие]$fМеждународный институт менеджмента ЛИНК$g[Стэплтон Тони$gперевели с английского Н.А. Соловьева, М.П. Толкачев$gрусский текст курса подготовили В.Н. Голубкина, Н.М. Жаворонкова]$vКн. 3 _912125233 _cЖуковский _d2017 _fМеждународный институт менеджмента ЛИНК _nИзд-во Международного института менеджмента ЛИНК _o[учебное пособие] _tСтратегии маркетинга в сложном окружении _vКн. 3 |
|
| 702 | 1 |
_8rus _7ca _aЧернатони _bЛ. де _gЛесли де _3RU\NLR\AUTH\7745724 _928659 |
|
| 942 | _cBOOK | ||
| 980 | _aNB | ||